ՄԱՅՐ ԱԹՈՌ ՍՈՒՐԲ ԷՋՄԻԱԾԻՆ

«ՎԱՉԵ ԵՎ ԹԱՄԱՐ ՄԱՆՈՒԿՅԱՆ» ՄԱՏԵՆԱԴԱՐԱՆ

Հիշում եմ և պահանջում : (Record no. 74467)

MARC details
000 -LEADER
fixed length control field 00684nam a22002057a 4500
003 - CONTROL NUMBER IDENTIFIER
control field SEM
005 - DATE AND TIME OF LATEST TRANSACTION
control field 20250211114032.0
008 - FIXED-LENGTH DATA ELEMENTS--GENERAL INFORMATION
fixed length control field 231214s ai ||||gr||||||01|0|arm|d
040 ## - CATALOGING SOURCE
Original cataloging agency SEM
Transcribing agency SEM
041 ## - LANGUAGE CODE
Language code of text/sound track or separate title arm
080 ## - UNIVERSAL DECIMAL CLASSIFICATION NUMBER
Universal Decimal Classification number 947.925.523/Հ-60
245 ## - TITLE STATEMENT
Title Հիշում եմ և պահանջում :
Remainder of title Հայոց Ցեղասպանության 100-րդ տարելից /
260 ## - PUBLICATION, DISTRIBUTION, ETC.
Place of publication, distribution, etc. [Երևան] :
Name of publisher, distributor, etc. «Նյումեգ»,
Date of publication, distribution, etc. ա. թ.
300 ## - PHYSICAL DESCRIPTION
Extent Հատոր ;
Dimensions 27 սմ
505 ## - FORMATTED CONTENTS NOTE
Formatted contents note թողարկում 1 -
Miscellaneous information ա. թ.-64 էջ<br/>
505 ## - FORMATTED CONTENTS NOTE
Formatted contents note թողարկում 3 -
Miscellaneous information ա. թ.-100 էջ<br/><br/>
650 ## - SUBJECT ADDED ENTRY--TOPICAL TERM
Topical term or geographic name entry element Հայոց ցեղասպանություն
653 ## - INDEX TERM--UNCONTROLLED
Uncontrolled term ՍԷՄ
942 ## - ADDED ENTRY ELEMENTS (KOHA)
Source of classification or shelving scheme Universal Decimal Classification
Koha item type Գրքեր/Books
Suppress in OPAC No
Holdings
Withdrawn status Lost status Source of classification or shelving scheme Damaged status Not for loan Collection code Home library Current library Date acquired Serial Enumeration / chronology Inventory number Total Checkouts Full call number Barcode Date last seen Price effective from Koha item type Public note
    Universal Decimal Classification     Գրապահոց Մայր Աթոռ Սուրբ Էջմիածին «Վաչե և Թամար Մանուկյան» Մատենադարան Մայր Աթոռ Սուրբ Էջմիածին «Վաչե և Թամար Մանուկյան» Մատենադարան 14/12/2023 թողարկում 1 35308   947.925.523/Հ-60 35308 14/12/2023 14/12/2023 Գրքեր/Books Սպասարկվում է ընթերցասրահ
    Universal Decimal Classification     Գրապահոց Մայր Աթոռ Սուրբ Էջմիածին «Վաչե և Թամար Մանուկյան» Մատենադարան Մայր Աթոռ Սուրբ Էջմիածին «Վաչե և Թամար Մանուկյան» Մատենադարան 14/12/2023 թողարկում 3 35309   947.925.523/Հ-60 35309 14/12/2023 14/12/2023 Գրքեր/Books Սպասարկվում է ընթերցասրահ
    Universal Decimal Classification     Գրապահոց Մայր Աթոռ Սուրբ Էջմիածին «Վաչե և Թամար Մանուկյան» Մատենադարան Մայր Աթոռ Սուրբ Էջմիածին «Վաչե և Թամար Մանուկյան» Մատենադարան 14/12/2023 թողարկում 3 35310   947.925.523/Հ-60 35310 14/12/2023 14/12/2023 Գրքեր/Books Սպասարկվում է 30 օր